Text Creation in the electronic office (Record no. 59678)

MARC details
000 -LEADER
fixed length control field 00523nam a2200145 a 4500
008 - FIXED-LENGTH DATA ELEMENTS--GENERAL INFORMATION
fixed length control field 120416s0000 ||||||||||||||||| || u
020 ## - INTERNATIONAL STANDARD BOOK NUMBER
International Standard Book Number 0850124069
050 ## - LIBRARY OF CONGRESS CALL NUMBER
Classification number HF 5548.2 Con
100 ## - MAIN ENTRY--PERSONAL NAME
Personal name Condon, M. A
245 10 - TITLE STATEMENT
Title Text Creation in the electronic office
260 ## - PUBLICATION, DISTRIBUTION, ETC.
Place of publication, distribution, etc. Manchester
Name of publisher, distributor, etc. The National Computing Centre
Date of publication, distribution, etc. 1984
300 ## - PHYSICAL DESCRIPTION
Extent [vi], 98p.
350 ## - PRICE (NR) (BK AM CF MU VM SE) [OBSOLETE]
Price 0.00
995 ## - RECOMMENDATION 995 [LOCAL, UNIMARC FRANCE]
-- 0.00
-- CBU-MAIN LIBRARY (Kitwe)
-- 1
-- 11.95
-- AVAILABLE
-- Main Library Open Access Collection
Holdings
Withdrawn status Lost status Source of classification or shelving scheme Damaged status Not for loan Home library Current library Shelving location Date acquired Total Checkouts Full call number Barcode Date last seen Price effective from Koha item type
          CBU-MAIN LIBRARY, KITWE. CBU-MAIN LIBRARY, KITWE.   11/30/2022   HF 5548.2 Con 005217 11/30/2022 11/30/2022 MONOGRAPH